[Event "Golden Jubilee Club Championship"]
[Site "Box Hill"]
[Date "2002.05.17"]
[Round "6.28"]
[White "Lindberg, Eric"]
[Black "Van Dijk, Devrim"]
[Result "0-1"]
[WhiteElo "1487"]
[BlackElo "1082"]
[Annotator "tw"]
[PlyCount "77"]
[EventDate "2002.04.12"]

1. e4 e5 2. f4 exf4 3. Bc4 Nf6 4. Nc3 Bb4 5. d3 d5 6. exd5 Nxd5 7. Bxd5 Qxd5 8.
Nf3 Bg4 9. O-O Bxc3 10. bxc3 Qc5+ 11. Kh1 Qxc3 12. Bd2 Qf6 13. Qe1+ Be6 14. Bc3
Qg6 15. Nh4 Qg5 16. Nf3 Qh6 17. Qe5 O-O 18. Qxc7 Bd5 19. Rae1 Qc6 20. Qe5 f6
21. Qd4 Nd7 22. Bb4 Rfd8 23. c4 Bxf3 24. gxf3 Ne5 25. Qe4 Rxd3 26. Qxf4 Nxf3
27. Re4 Ng5 28. Rfe1 Nxe4 29. Qxe4 Qxe4+ 30. Rxe4 b6 31. h4 a5 32. Be1 Kf7 33.
Bf2 Re8 34. Rxe8 Kxe8 35. Bxb6 Ra3 36. Kg2 Rxa2+ 37. Kf3 Ra4 38. c5 Kd7 39. h5
0-1

[Event "Golden Jubilee Club Championship"]
[Site "Box Hill"]
[Date "2002.05.17"]
[Round "6.29"]
[White "Alamanos, John"]
[Black "Ziffer, Rocheleh"]
[Result "1/2-1/2"]
[WhiteElo "1336"]
[BlackElo "1061"]
[Annotator "tw"]
[PlyCount "109"]
[EventDate "2002.04.12"]

1. e4 c5 2. c3 d5 3. exd5 Qxd5 4. Nf3 Nc6 5. Be2 Nf6 6. O-O Bf5 7. Na3 e6 8.
Nb5 Qd8 9. d4 a6 10. Na3 cxd4 11. cxd4 Bd6 12. Nc4 Bc7 13. h3 O-O 14. Be3 b5
15. Nce5 Nxe5 16. dxe5 Nd7 17. Bf4 Qc8 18. Rc1 h6 19. Bd3 Bxd3 20. Qxd3 Rd8 21.
Qe2 Qb8 22. Rfe1 Re8 23. Red1 Rd8 24. g4 f6 25. Re1 Re8 26. Bh2 fxe5 27. Nxe5
Bxe5 28. Bxe5 Nxe5 29. Qxe5 Qxe5 30. Rxe5 Kf7 31. Rc6 Ra7 32. Kg2 Kf6 33. f4
Raa8 34. Kf3 b4 35. b3 a5 36. Rcc5 a4 37. Rb5 axb3 38. axb3 Rab8 39. f5 exf5
40. Rxf5+ Kg6 41. h4 Rec8 42. Rxb8 Rxb8 43. Rf4 Rb5 44. h5+ Kg5 45. Ke3 Re5+
46. Kf3 Rb5 47. Rf7 g6 48. Rg7 Rb6 49. hxg6 Rxg6 50. Rxg6+ Kxg6 51. Kg2 Kf6 52.
Kg3 Kg5 53. Kf3 Kh4 54. Kf4 Kh3 55. Kf3 1/2-1/2

[Event "Golden Jubilee Club Championship"]
[Site "Box Hill"]
[Date "2002.05.17"]
[Round "6.42"]
[White "Fielder, Shaun"]
[Black "Elbrish, Sam"]
[Result "0-1"]
[WhiteElo "1162"]
[BlackElo "1396"]
[Annotator "sf"]
[PlyCount "46"]
[EventDate "2002.04.12"]

1. d4 g6 2. e4 Bg7 3. Nf3 d5 4. e5 f6 5. Bd3 Nc6 6. exf6 Nxf6 7. O-O Bg4 8. Bb5
O-O 9. Bxc6 bxc6 10. Bf4 Ne4 11. Be5 Bxe5 12. dxe5 Qd7 13. c4 Rf5 14. h3 Bxf3
15. gxf3 Ng5 16. Kg2 Rxf3 17. Qxf3 Nxf3 18. Kxf3 Qf5+ 19. Kg2 Qxe5 20. Nc3 d4
21. Na4 c5 22. Rae1 Qf5 23. Rxe7 Qg5+ 0-1

[Event "Golden Jubilee Club Championship"]
[Site "Box Hill"]
[Date "2002.05.17"]
[Round "6.50"]
[White "Cocks, James"]
[Black "Yu, Sally"]
[Result "1-0"]
[WhiteElo "594"]
[BlackElo "127"]
[Annotator "sf"]
[PlyCount "63"]
[EventDate "2002.04.12"]

1. e4 e5 2. Nf3 Nc6 3. Bc4 Bc5 4. d3 d6 5. Be3 Nf6 6. Bxc5 dxc5 7. Bb5 a6 8.
Bxc6+ bxc6 9. Nxe5 Qd4 10. Nxc6 Qxb2 11. Nd2 Bg4 12. f3 Be6 13. O-O Bxa2 14.
Qc1 Qb5 15. Ne5 Be6 16. f4 Bc8 17. f5 Rb8 18. Rb1 Qa5 19. Rxb8 c4 20. Rxc8+ Ke7
21. Nc6+ Kd7 22. Nxa5 Rxc8 23. Ndxc4 Ng4 24. Qg5 Nf6 25. Ne5+ Kd6 26. Nxf7+ Ke7
27. Qxg7 Nh5 28. Nc6+ Kd7 29. Nfe5+ Kd6 30. Qd7+ Kc5 31. Qd4+ Kb5 32. Qb4# 1-0

[Event "Golden Jubilee Club Championship"]
[Site "Box Hill"]
[Date "2002.05.17"]
[Round "6.51"]
[White "Eer, Jocelyn"]
[Black "Lugo, Jerome"]
[Result "1-0"]
[WhiteElo "867"]
[BlackElo "559"]
[Annotator "sf"]
[PlyCount "97"]
[EventDate "2002.04.12"]

1. e4 d6 2. d4 Nf6 3. Nc3 g6 4. Nf3 Bg7 5. Bc4 O-O 6. O-O e6 7. Bg5 b6 8. Qe2
Bb7 9. e5 h6 10. exf6 Bxf6 11. Bxh6 Bg7 12. Bxg7 Kxg7 13. Qe3 f6 14. Rfe1 Re8
15. d5 Nd7 16. dxe6 Bxf3 17. Qxf3 Ne5 18. Qe4 c6 19. Bb3 d5 20. Qe3 d4 21. Qe2
dxc3 22. Rad1 Qe7 23. f4 Qc5+ 24. Kh1 Nf7 25. bxc3 Qxc3 26. Rd7 Rf8 27. Rxf7+
Rxf7 28. exf7 Qb4 29. Qe8 Qf8 30. Qxf8+ Kxf8 31. Re6 Kxf7 32. Rxc6+ Ke8 33.
Rxf6 Rd8 34. h4 Ke7 35. Rxg6 Rd1+ 36. Kh2 Rd4 37. Rg7+ Kf6 38. Rf7+ Kg6 39. g3
Kh5 40. Rh7+ Kg4 41. h5 Rd2+ 42. Kg1 Kxg3 43. Rg7+ Kf3 44. Ba4 Kxf4 45. h6 Rd8
46. h7 Rh8 47. c4 Kf5 48. Bc2+ Kf6 49. Rg8 1-0

[Event "Golden Jubilee Club Championship"]
[Site "Box Hill"]
[Date "2002.05.17"]
[Round "6.52"]
[White "Shan, Indran"]
[Black "Gray, Alan"]
[Result "0-1"]
[WhiteElo "822"]
[BlackElo "631"]
[Annotator "sf"]
[PlyCount "64"]
[EventDate "2002.04.12"]

1. d4 d5 2. Nc3 Nf6 3. e4 dxe4 4. f3 c5 5. Be3 Qc7 6. fxe4 cxd4 7. Bxd4 e5 8.
Be3 Nc6 9. Nf3 Bb4 10. Qd2 Nxe4 11. Qd3 Nxc3 12. bxc3 Ba5 13. Be2 O-O 14. Bd2
Re8 15. Nh4 e4 16. Qe3 Bb6 17. Qf4 Qe7 18. Nf5 Bxf5 19. Qxf5 e3 20. Bc1 Ba5 21.
Bb2 Rad8 22. Bd3 g6 23. Qh3 h5 24. O-O-O Qg5 25. Be2 Bc7 26. Rhf1 Ne5 27. c4
Ng4 28. Bxg4 Qxg4 29. Qf3 f5 30. Qxb7 e2 31. Qxc7 exd1=Q+ 32. Rxd1 Qxd1# 0-1

[Event "Golden Jubilee Club Championship"]
[Site "Box Hill"]
[Date "2002.05.17"]
[Round "6.53"]
[White "Loo, David"]
[Black "Brice, Ryan"]
[Result "1-0"]
[WhiteElo "749"]
[BlackElo "813"]
[Annotator "sf"]
[PlyCount "89"]
[EventDate "2002.04.12"]

1. d4 d5 2. c4 e6 3. Nc3 Nf6 4. Bf4 Bd6 5. e3 Nbd7 6. Bd3 e5 7. Bg3 c6 8. f3 a6
9. a4 Qe7 10. Nge2 exd4 11. Bxd6 Qxd6 12. Nxd4 Ne5 13. Nf5 Nxd3+ 14. Qxd3 Bxf5
15. Qxf5 g6 16. Qg5 h6 17. Qh4 g5 18. Qd4 c5 19. Qd3 O-O 20. cxd5 Qe5 21. O-O
Rad8 22. Rfd1 Rd6 23. Kh1 Rfd8 24. e4 Nh5 25. Ne2 Rf8 26. Rac1 Rc8 27. b4 b6
28. Rc2 a5 29. bxc5 Rxc5 30. Rxc5 bxc5 31. Qe3 c4 32. Qc5 Nf4 33. Nxf4 gxf4 34.
Qxc4 Qg5 35. Rg1 h5 36. g3 Rg6 37. Qc1 fxg3 38. Qxg5 Rxg5 39. Rxg3 Rxg3 40.
hxg3 Kf8 41. Kg2 f6 42. f4 Ke7 43. Kf3 Kd6 44. g4 hxg4+ 45. Kxg4 1-0

[Event "Golden Jubilee Club Championship"]
[Site "Box Hill"]
[Date "2002.05.17"]
[Round "6.54"]
[White "Tham, Christopher"]
[Black "Devoy, Sean"]
[Result "0-1"]
[WhiteElo "639"]
[BlackElo "775"]
[Annotator "sf"]
[PlyCount "64"]
[EventDate "2002.04.12"]

1. e4 e5 2. Bc4 Nf6 3. Nc3 c6 4. Bxf7+ Kxf7 5. Nf3 Qe7 6. Ng5+ Ke8 7. d4 h6 8.
dxe5 Qxe5 9. Nf3 Qe6 10. Nd4 Qc4 11. Nf5 d5 12. e5 Ne4 13. Qh5+ Kd8 14. Be3
Bxf5 15. Qxf5 Nxc3 16. bxc3 Qxc3+ 17. Bd2 Qxa1+ 18. Ke2 Qxh1 19. Ba5+ b6 20.
Bc3 Nd7 21. Qf7 Nxe5 22. Bxe5 Qc1 23. Qc7+ Ke8 24. Qxc6+ Kf7 25. Qd7+ Kg8 26.
g4 Qg5 27. f4 Qxg4+ 28. Ke3 Bc5+ 29. Kd2 Bb4+ 30. c3 Qg2+ 31. Kc1 Ba3+ 32. Kb1
Qb2# 0-1

[Event "Golden Jubilee Club Championship"]
[Site "Box Hill"]
[Date "2002.05.17"]
[Round "6.55"]
[White "Leung, James"]
[Black "Farrelly, Cathy"]
[Result "1-0"]
[WhiteElo "501"]
[BlackElo "751"]
[Annotator "sf"]
[PlyCount "99"]
[EventDate "2002.04.12"]

1. e4 e6 2. d4 d5 3. f3 b6 4. c3 Bb7 5. Bd3 Be7 6. Bf4 Ba6 7. Bxa6 Nxa6 8. Qa4+
Qd7 9. Qxa6 Nf6 10. Qb7 O-O 11. Nd2 c6 12. Qxd7 Nxd7 13. e5 f6 14. g3 g5 15.
exf6 Bxf6 16. Be3 Rfe8 17. O-O-O c5 18. dxc5 bxc5 19. c4 d4 20. Bf2 Rab8 21. b3
e5 22. Ne4 Be7 23. h4 h6 24. f4 gxf4 25. gxf4 exf4 26. Nh3 Bf8 27. Rhg1+ Kh7
28. Rde1 f3 29. Bg3 f2 30. Nhxf2 Rb6 31. h5 Ree6 32. Ng4 Be7 33. Kb2 Rbc6 34.
Bh4 Bf8 35. a3 Bg7 36. Kc2 Ra6 37. b4 cxb4 38. axb4 Bf8 39. c5 Be7 40. Nef2
Rxe1 41. Rxe1 Bxh4 42. Re4 Bxf2 43. Nxf2 Nf6 44. Rxd4 Nxh5 45. Rc4 Nf6 46. Ne4
Nd7 47. c6 Nb6 48. c7 Nxc4 49. c8=Q Nb6 50. Qxa6 1-0

[Event "Golden Jubilee Club Championship"]
[Site "Box Hill"]
[Date "2002.05.17"]
[Round "6.56"]
[White "Eer, Derek"]
[Black "O'Connor, Andrew"]
[Result "1/2-1/2"]
[WhiteElo "786"]
[BlackElo "648"]
[Annotator "jp"]
[PlyCount "48"]
[EventDate "2002.04.12"]

1. e4 e5 2. Nf3 Nc6 3. Nc3 Bb4 4. Bc4 d6 5. h3 Nf6 6. a3 Ba5 7. b4 Bb6 8. Bb2
Be6 9. Bxe6 fxe6 10. b5 Nd4 11. Nxd4 exd4 12. Ne2 e5 13. d3 Ba5+ 14. c3 dxc3
15. Bxc3 Bxc3+ 16. Nxc3 O-O 17. O-O d5 18. Qb3 c6 19. a4 Rb8 20. Rab1 Rf7 21.
exd5 cxd5 22. Na2 e4 23. Rfc1 a6 24. Re1 axb5 1/2-1/2

[Event "Golden Jubilee Club Championship"]
[Site "Box Hill"]
[Date "2002.05.24"]
[Round "7.1"]
[White "Gluzman, Michael"]
[Black "Johansen, Darryl K"]
[Result "0-1"]
[WhiteElo "2386"]
[BlackElo "2515"]
[Annotator "jp"]
[PlyCount "103"]
[EventDate "2002.04.12"]

1. e4 e6 2. d4 d5 3. Nc3 Bb4 4. exd5 exd5 5. Bd3 Nc6 6. a3 Bxc3+ 7. bxc3 Qf6 8.
Rb1 b6 9. Ne2 Bf5 10. O-O Nge7 11. Ng3 Bxd3 12. cxd3 h5 13. Re1 O-O-O 14. a4 g6
15. Rb2 Kb7 16. Nf1 g5 17. Qd2 Rhg8 18. f4 g4 19. Qd1 Nf5 20. Kh1 Rge8 21. Rbe2
Rxe2 22. Qxe2 Rd6 23. Ba3 Re6 24. Qd2 Rxe1 25. Qxe1 Qe6 26. Qd2 Na5 27. Qd1 Kc8
28. Bb4 Nc6 29. Ba3 Nd8 30. Kg1 Qe8 31. h3 Qg8 32. hxg4 hxg4 33. Nh2 g3 34. Nf1
Qg6 35. Qf3 c6 36. Bc1 Ne6 37. Bd2 Neg7 38. Be1 Qh5 39. Nxg3 Qxf3 40. gxf3 Nxg3
41. Bxg3 Nh5 42. Bh2 a5 43. f5 Kd7 44. Kf2 b5 45. axb5 cxb5 46. Ke2 Ng7 47. f6
Nf5 48. Be5 Nh4 49. f4 a4 50. Kd1 Nf3 51. c4 b4 52. Kc1 {Time} 0-1

[Event "Golden Jubilee Club Championship"]
[Site "Box Hill"]
[Date "2002.05.24"]
[Round "7.3"]
[White "Rujevic, Mirko"]
[Black "Dizdarevic, Mehmedalija"]
[Result "1/2-1/2"]
[WhiteElo "2237"]
[BlackElo "1927"]
[Annotator "hl"]
[PlyCount "70"]
[EventDate "2002.04.12"]

1. e4 d6 2. d4 g6 3. f4 Bg7 4. Nf3 Nf6 5. Nc3 O-O 6. Be2 c5 7. d5 b5 8. e5 dxe5
9. fxe5 Ng4 10. Bf4 b4 11. Ne4 Nd7 12. e6 fxe6 13. Nfg5 Nb6 14. Bxg4 Rxf4 15.
g3 Rxg4 16. Qxg4 exd5 17. Qh4 h5 18. Nxc5 Qc7 19. Qf4 e5 20. Qf2 Qe7 21. h4 Bg4
22. Nd3 e4 23. Nf4 Bxb2 24. O-O e3 25. Qg2 e2 26. Nxe2 Qxe2 27. Rae1 Qxg2+ 28.
Kxg2 Rc8 29. Rf7 Rxc2+ 30. Kh1 Rc8 31. Ree7 Bd4 32. Rh7 Rc1+ 33. Kg2 Rc2+ 34.
Kh1 Rc1+ 35. Kg2 Rc2+ 1/2-1/2

[Event "Golden Jubilee Club Championship"]
[Site "Box Hill"]
[Date "2002.05.24"]
[Round "7.4"]
[White "Dutka, Janusz"]
[Black "Woodhams, Michael V"]
[Result "0-1"]
[WhiteElo "1904"]
[BlackElo "2083"]
[Annotator "hl"]
[PlyCount "54"]
[EventDate "2002.04.12"]

1. e4 c5 2. Nf3 Nc6 3. d4 cxd4 4. Nxd4 e6 5. Nc3 Qc7 6. Be2 a6 7. O-O Nf6 8.
Be3 Ne5 9. f4 Nc4 10. Bxc4 Qxc4 11. Qf3 d6 12. g4 h5 13. gxh5 Rxh5 14. Nde2 e5
15. b3 Qc7 16. Nd5 Nxd5 17. exd5 Rh3 18. Ng3 Qxc2 19. Rf2 Qg6 20. f5 Qh7 21.
Rc1 Be7 22. Rfc2 Bxf5 23. Rc7 Bh4 24. Rxb7 Bxg3 25. hxg3 Qg6 26. Bf4 exf4 27.
Qe2+ Be4 0-1

[Event "Golden Jubilee Club Championship"]
[Site "Box Hill"]
[Date "2002.05.24"]
[Round "7.5"]
[White "Nemeth, Janos"]
[Black "Wastney, Scott"]
[Result "0-1"]
[WhiteElo "1918"]
[BlackElo "2248"]
[Annotator "hl"]
[PlyCount "80"]
[EventDate "2002.04.12"]

1. e4 c5 2. Nf3 e6 3. d4 cxd4 4. Nxd4 Nf6 5. Nc3 Nc6 6. Bg5 Qb6 7. Nxc6 Qxb2 8.
Na4 Qa3 9. c3 bxc6 10. Bd3 d5 11. Rb1 Qd6 12. exd5 Qxd5 13. Qf3 Qxf3 14. gxf3
Bd6 15. Bxf6 gxf6 16. Be4 Bd7 17. Ke2 f5 18. Rhe1 Ke7 19. Bc2 Rab8 20. h3 h5
21. Rg1 Rxb1 22. Rxb1 Rb8 23. Rg1 Bf4 24. Bb3 Rb5 25. Nb2 Be5 26. Kd2 Bf4+ 27.
Kc2 Bh6 28. Nc4 Rc5 29. Rg8 Bf8 30. Rg5 Kf6 31. Rxh5 e5 32. f4 exf4 33. Rh4 Kg5
34. Rh7 Be6 35. Nd2 Kg6 36. Rh4 Bg7 37. c4 Bh6 38. Nf3 Bxc4 39. Ne5+ Rxe5 40.
Bxc4 Kg5 0-1

[Event "Golden Jubilee Club Championship"]
[Site "Box Hill"]
[Date "2002.05.24"]
[Round "7.7"]
[White "Kempen, Leon"]
[Black "Kildisas, Victor E"]
[Result "1-0"]
[WhiteElo "1995"]
[BlackElo "1814"]
[Annotator "hl"]
[PlyCount "111"]
[EventDate "2002.04.12"]

1. Nf3 Nf6 2. d4 e6 3. c4 b6 4. a3 Bb7 5. Nc3 c5 6. dxc5 Bxc5 7. Bf4 O-O 8. e3
d5 9. Qc2 Nbd7 10. Rd1 Qc8 11. cxd5 Nxd5 12. Nxd5 Bxd5 13. Bd3 Nf6 14. O-O Be7
15. Rc1 Qxc2 16. Rxc2 Rac8 17. Rfc1 Rxc2 18. Rxc2 Bxf3 19. gxf3 Nd5 20. Bg3 f5
21. Be5 Bf6 22. f4 Rd8 23. Ba6 Bxe5 24. fxe5 f4 25. Bc8 fxe3 26. Bxe6+ Kf8 27.
fxe3 Nxe3 28. Rc3 Ke7 29. Bh3 Rd1+ 30. Kf2 Nd5 31. Rc6 Rd2+ 32. Kf3 Rd3+ 33.
Ke4 Rxh3 34. Kxd5 Rd3+ 35. Ke4 Rd2 36. h3 Kd7 37. Rc3 Rxb2 38. Rg3 g6 39. Rf3
Re2+ 40. Kd5 Ke7 41. Rc3 Rd2+ 42. Ke4 Rd7 43. Rc6 Rb7 44. a4 Rd7 45. Rc8 Rb7
46. Rh8 Ke6 47. Re8+ Kf7 48. Rh8 Kg7 49. Ra8 Rd7 50. e6 Rb7 51. Ke5 b5 52. Rd8
Kh6 53. Rd7 Rb8 54. e7 bxa4 55. Rd8 a3 56. e8=Q 1-0

[Event "Golden Jubilee Club Championship"]
[Site "Box Hill"]
[Date "2002.05.24"]
[Round "7.8"]
[White "Low, Samuel"]
[Black "Jenkins, Keith"]
[Result "1-0"]
[WhiteElo "2025"]
[BlackElo "1694"]
[Annotator "hl"]
[PlyCount "61"]
[EventDate "2002.04.12"]

1. e4 e6 2. d4 d5 3. Nc3 Bb4 4. e5 c5 5. a3 Bxc3+ 6. bxc3 Qc7 7. Nf3 Bd7 8. Be3
Ba4 9. Bd3 Nc6 10. O-O Nge7 11. Nh4 c4 12. Be2 Nf5 13. Nxf5 exf5 14. g4 Ne7 15.
Bg5 fxg4 16. Bxg4 Bd7 17. Bxe7 Kxe7 18. f4 g6 19. Kh1 h5 20. Bxd7 Qxd7 21. f5
g5 22. Qb1 b6 23. Qb4+ Ke8 24. Rae1 Kd8 25. e6 Qe7 26. Qb5 fxe6 27. fxe6 Kc8
28. Rf7 Qd6 29. Qa6+ Kd8 30. Qb7 Rc8 31. Rd7+ 1-0

[Event "Golden Jubilee Club Championship"]
[Site "Box Hill"]
[Date "2002.05.24"]
[Round "7.9"]
[White "Lee, Michelle"]
[Black "Small, David H"]
[Result "0-1"]
[WhiteElo "1671"]
[BlackElo "1994"]
[Annotator "jp"]
[PlyCount "48"]
[EventDate "2002.04.12"]

1. e4 e6 2. d4 d5 3. Nc3 Bb4 4. e5 c5 5. a3 Bxc3+ 6. bxc3 Qc7 7. Bb5+ Bd7 8.
Bxd7+ Nxd7 9. Ne2 Rc8 10. Ra2 Ne7 11. O-O O-O 12. Ng3 Nb6 13. Qg4 cxd4 14. cxd4
Na4 15. Bg5 Ng6 16. Nh5 Nc3 17. Rb2 Ne4 18. Bc1 Qc3 19. Nf4 Qxd4 20. Rxb7 Nxf2
21. Qe2 Nh3+ 22. Kh1 Nhxf4 23. Qg4 Rxc2 24. Bxf4 Qxf4 0-1

[Event "Golden Jubilee Club Championship"]
[Site "Box Hill"]
[Date "2002.05.24"]
[Round "7.10"]
[White "Nemeth, Laszlo"]
[Black "Lojanica, Milenko"]
[Result "0-1"]
[WhiteElo "1525"]
[BlackElo "1946"]
[Annotator "hl"]
[PlyCount "78"]
[EventDate "2002.04.12"]

1. d4 Nf6 2. Bg5 b6 3. Nf3 Bb7 4. e3 h6 5. Bh4 d6 6. c4 g5 7. Bg3 Ne4 8. Bd3
Nxg3 9. fxg3 Bg7 10. O-O Nd7 11. Nc3 e6 12. Rc1 c5 13. Bb1 cxd4 14. exd4 Nf6
15. Qd3 d5 16. Ne5 dxc4 17. Qxc4 a6 18. Rce1 Qd6 19. Bf5 O-O 20. Bb1 Nd7 21.
Qd3 f5 22. Qe3 Nxe5 23. dxe5 Qb4 24. Rf2 Rac8 25. a3 Qc5 26. Ba2 Rfe8 27. Qxc5
Rxc5 28. Rxf5 b5 29. Kh1 a5 30. Rf2 b4 31. axb4 axb4 32. Na4 Ra5 33. Bb3 Bd5
34. Bd1 Bc6 35. b3 Rxe5 36. Rxe5 Bxe5 37. Re2 Bd4 38. h3 e5 39. Nc5 Rf8 0-1

[Event "Golden Jubilee Club Championship"]
[Site "Box Hill"]
[Date "2002.05.24"]
[Round "7.11"]
[White "Raine, Marcus"]
[Black "Stojic, Svetozar"]
[Result "1-0"]
[WhiteElo "1927"]
[BlackElo "1644"]
[Annotator "hl"]
[PlyCount "131"]
[EventDate "2002.04.12"]

1. Nf3 Nf6 2. d4 g6 3. b4 Bg7 4. e3 O-O 5. c4 d6 6. Be2 Bf5 7. O-O a5 8. bxa5
Nc6 9. Nc3 Rxa5 10. Bd2 Ra8 11. Nh4 Bd7 12. f4 e5 13. d5 Ne7 14. fxe5 dxe5 15.
e4 Ra3 16. Qc1 Qa8 17. Nb1 Rxa2 18. Rxa2 Qxa2 19. Nc3 Qb3 20. Bg5 Qb6+ 21. Be3
c5 22. h3 Nc8 23. Qa3 Re8 24. Bxc5 Bf8 25. Bxb6 Bxa3 26. Be3 Kg7 27. Rb1 b6 28.
Nf3 Nd6 29. Rxb6 Ndxe4 30. Nxe4 Nxe4 31. Rb7 Ng3 32. Rxd7 Nxe2+ 33. Kf2 Nf4 34.
Ng5 Ne6 35. Ke2 Nf4+ 36. Kf3 Re7 37. Rxe7 Bxe7 38. Bxf4 exf4 39. Kxf4 f5 40.
Nf3 Kf6 41. Ke3 Bc5+ 42. Kd3 g5 43. Nd4 Ke5 44. Ne6 Be7 45. Nd4 Bc5 46. Nb3 Bf2
47. Ke2 Bh4 48. Kf3 h5 49. g4 hxg4+ 50. hxg4 f4 51. Nc5 Bg3 52. Ne4 Bh4 53. d6
Ke6 54. c5 Kd7 55. Ke2 Kc6 56. Nf6 f3+ 57. Kxf3 Be1 58. Ne4 Ba5 59. Ke3 Kd5 60.
Kd3 Bd8 61. Ke3 Ba5 62. Nxg5 Kxc5 63. Ne4+ Kd5 64. Kf4 Bd8 65. Kf5 Bh4 66. g5
1-0

[Event "Golden Jubilee Club Championship"]
[Site "Box Hill"]
[Date "2002.05.24"]
[Round "7.12"]
[White "Flude, David A"]
[Black "Zivanovic, Rados"]
[Result "1/2-1/2"]
[WhiteElo "1746"]
[BlackElo "1615"]
[Annotator "hl"]
[PlyCount "36"]
[EventDate "2002.04.12"]

1. d4 d5 2. e4 dxe4 3. Nc3 Nf6 4. f3 exf3 5. Nxf3 Bg4 6. h3 Bh5 7. g4 Bg6 8. g5
Ne4 9. Nxe4 Bxe4 10. Bb5+ c6 11. Qe2 Bd5 12. Ba4 g6 13. Qe5 Rg8 14. c4 Bg7 15.
Qe3 Bxc4 16. Qf4 Bd5 17. Be3 Nd7 18. Ne5 {Scoresheet} 18... f5 1/2-1/2

[Event "Golden Jubilee Club Championship"]
[Site "Box Hill"]
[Date "2002.05.24"]
[Round "7.13"]
[White "Meydan, Arie"]
[Black "Lawson, Shane"]
[Result "1-0"]
[WhiteElo "1773"]
[BlackElo "1611"]
[Annotator "hl"]
[PlyCount "77"]
[EventDate "2002.04.12"]

1. Nf3 c5 2. c4 Nc6 3. g3 g6 4. Bg2 Bg7 5. O-O Nf6 6. d4 cxd4 7. Nxd4 O-O 8. e3
Qb6 9. Na3 Nxd4 10. exd4 d6 11. h3 Bf5 12. Re1 Rfe8 13. Re2 h5 14. Be3 Rac8 15.
Rc1 Be4 16. d5 Qa6 17. Qd4 Bxg2 18. Kxg2 b6 19. Qh4 Nxd5 20. Bd4 Bxd4 21. Qxd4
Nf6 22. Rce1 Qb7+ 23. Kh2 Qd7 24. b3 Nh7 25. Qh4 Nf6 26. Nc2 Rc7 27. Ne3 Kg7
28. Qd4 e5 29. Qh4 Rh8 30. Kg2 Qc6+ 31. f3 Qd7 32. Rd1 Qe6 33. Nc2 Qe7 34. Qg5
Rc5 35. b4 Rxc4 36. Ne3 Qe6 37. Rxd6 Qc8 38. Qxf6+ Kh6 39. Nf5+ 1-0

[Event "Golden Jubilee Club Championship"]
[Site "Box Hill"]
[Date "2002.05.24"]
[Round "7.15"]
[White "Waller, A (Tony)"]
[Black "Lugo, Ruperto"]
[Result "1-0"]
[WhiteElo "1754"]
[BlackElo "1599"]
[Annotator "hl"]
[PlyCount "41"]
[EventDate "2002.04.12"]

1. c4 Nf6 2. Nc3 g6 3. d4 Bg7 4. e4 d6 5. f3 O-O 6. Be3 Nc6 7. Qd2 a6 8. Bd3 e5
9. d5 Ne7 10. Nge2 Nd7 11. g4 Nb6 12. O-O-O c5 13. Bh6 Rb8 14. h4 Qd7 15. h5
Na8 16. hxg6 fxg6 17. Bxg7 Kxg7 18. Qh6+ Kf6 19. Qxf8+ Kg5 20. f4+ Kxg4 21.
Rdg1+ 1-0

[Event "Golden Jubilee Club Championship"]
[Site "Box Hill"]
[Date "2002.05.24"]
[Round "7.16"]
[White "Lycett, Garry"]
[Black "Suderson, Sunilson"]
[Result "0-1"]
[WhiteElo "1715"]
[BlackElo "1558"]
[Annotator "hl"]
[PlyCount "54"]
[EventDate "2002.04.12"]

1. d4 Nf6 2. c4 c5 3. d5 d6 4. Nc3 g6 5. e4 Bg7 6. h3 O-O 7. Bd3 e6 8. Nf3 exd5
9. exd5 Re8+ 10. Be2 Ne4 11. Nxe4 Rxe4 12. O-O Nd7 13. Qc2 Nf6 14. Bg5 Re8 15.
Bd3 h6 16. Be3 Nd7 17. Rae1 Ne5 18. Nxe5 Rxe5 19. Bf4 Rxe1 20. Rxe1 Kh7 21. b3
Qf6 22. Bg3 Bd7 23. Re3 Re8 24. Rf3 Re1+ 25. Kh2 Qa1 26. Bf4 Rh1+ 27. Kg3 Qg1
0-1

[Event "Golden Jubilee Club Championship"]
[Site "Box Hill"]
[Date "2002.05.24"]
[Round "7.17"]
[White "Lindberg, Gordon"]
[Black "Liston, Howard"]
[Result "0-1"]
[WhiteElo "1710"]
[BlackElo "1619"]
[Annotator "hl"]
[PlyCount "66"]
[EventDate "2002.04.12"]

1. e4 c5 2. Nc3 Nc6 3. f4 e6 4. Nf3 Nf6 5. e5 Nd5 6. Nxd5 exd5 7. Bd3 Qb6 8. b3
d6 9. Bb2 Nb4 10. Qe2 Nxd3+ 11. Qxd3 d4 12. O-O d5 13. Kh1 g6 14. b4 Qxb4 15.
Rab1 Bf5 16. Qe2 Qc4 17. d3 Qa6 18. Nh4 Qe6 19. h3 h5 20. c3 dxc3 21. Bxc3 d4
22. Bd2 Qd5 23. Nxf5 gxf5 24. Rfe1 O-O-O 25. Rb5 a6 26. Ra5 Be7 27. Rc1 Rdg8
28. Bb4 b6 29. Ra4 Rg3 30. Kh2 Rhg8 31. Rc2 Rxg2+ 32. Qxg2 Rxg2+ 33. Rxg2 cxb4
0-1

[Event "Golden Jubilee Club Championship"]
[Site "Box Hill"]
[Date "2002.05.24"]
[Round "7.18"]
[White "Richter, Sally-Anne"]
[Black "Zivanovic, Andjelija"]
[Result "1/2-1/2"]
[WhiteElo "1410"]
[BlackElo "1698"]
[Annotator "hl"]
[PlyCount "110"]
[EventDate "2002.04.12"]

1. e4 c5 2. Nf3 Nc6 3. d4 cxd4 4. Nxd4 g6 5. Nc3 Bg7 6. Be3 Nf6 7. Be2 O-O 8.
O-O d5 9. exd5 Nxd5 10. Nxc6 bxc6 11. Bd4 e5 12. Bc5 Re8 13. Ne4 Qa5 14. Qd2
Qxd2 15. Nxd2 Bf5 16. c3 Nf4 17. Ba6 Nd3 18. Ba3 Rab8 19. Nc4 Bf8 20. Bxf8 Rxf8
21. b3 Nc5 22. Nxe5 Nxa6 23. Nxc6 Rb7 24. Rfe1 Be6 25. Nd4 Nc5 26. Nxe6 Nxe6
27. Rad1 Rc8 28. c4 Rcc7 29. Re3 Rd7 30. Rxd7 Rxd7 31. g3 Rd2 32. a3 Kf8 33. b4
Ke7 34. Kf1 Kd7 35. Ke1 Rc2 36. Rd3+ Kc7 37. c5 Ng5 38. Re3 Kd7 39. h4 Ne6 40.
Rd3+ Kc7 41. Rf3 f5 42. Rd3 Rc4 43. Kd2 a6 44. Rc3 Rd4+ 45. Rd3 Kc6 46. Rxd4
Nxd4 47. a4 Kd5 48. Kd3 h6 49. f4 Nc6 50. Kc3 Nd4 51. Kd3 Ne6 52. Kc3 g5 53.
fxg5 hxg5 54. h5 g4 55. h6 Ng5 1/2-1/2

[Event "Golden Jubilee Club Championship"]
[Site "Box Hill"]
[Date "2002.05.24"]
[Round "7.19"]
[White "Wilson, Norm"]
[Black "Miller, Anthony"]
[Result "0-1"]
[WhiteElo "1654"]
[BlackElo "1499"]
[Annotator "hl"]
[PlyCount "182"]
[EventDate "2002.04.12"]

1. g4 d5 2. Bg2 e6 3. c4 c5 4. Qb3 Nc6 5. cxd5 Nb4 6. Nc3 c4 7. Qd1 exd5 8. a3
Qa5 9. Rb1 Nc6 10. Bxd5 Ne5 11. h3 Ne7 12. Bg2 N7g6 13. Nf3 Nf4 14. Nxe5 Nxg2+
15. Kf1 Qxe5 16. Kxg2 Bd7 17. d4 Qd6 18. e4 Qg6 19. f4 h5 20. f5 Qc6 21. d5 Qc7
22. Qf3 hxg4 23. hxg4 Rxh1 24. Kxh1 Bd6 25. Be3 O-O-O 26. Kg2 Be5 27. Ne2 Re8
28. Qf2 g6 29. Bxa7 gxf5 30. Bb6 Qd6 31. gxf5 Rg8+ 32. Kf1 Qh6 33. Qc5+ Kb8 34.
Qa5 Qh3+ 35. Ke1 Qh1+ 36. Kd2 Qxb1 37. Ba7+ Kc8 38. Bb6 Qxb2+ 39. Ke1 Rg2 40.
Qc5+ Kb8 41. Qe3 Qxe2+ 42. Qxe2 Rxe2+ 43. Kxe2 Bd6 44. Kd2 Bxa3 45. Kc3 Bb5 46.
e5 Kc8 47. e6 fxe6 48. dxe6 Be7 49. Kd4 Bf6+ 50. Kc5 Ba4 51. Kxc4 Bc2 52. Kd5
Bxf5 53. Kd6 Bg6 54. e7 Bf7 55. Bc5 Bc3 56. Bb6 Bb4+ 57. Ke5 Bxe7 58. Kd4 Kd7
59. Kc3 Kc6 60. Be3 Kb5 61. Bd4 Ka4 62. Bb6 Bf6+ 63. Kc2 Bg6+ 64. Kc1 Kb5 65.
Ba7 Kc6 66. Be3 b5 67. Bd2 Kd5 68. Ba5 Kc4 69. Kd2 Bg5+ 70. Kd1 Kd3 71. Ke1 Bh5
72. Bb4 Bh4+ 73. Kf1 Bg4 74. Kg2 Kc4 75. Bd2 b4 76. Bxb4 Kxb4 77. Kf1 Kc3 78.
Kg2 Kd3 79. Kf1 Ke3 80. Kg2 Ke2 81. Kg1 Kf3 82. Kf1 Be6 83. Kg1 Bg3 84. Kh1 Bc4
85. Kg1 Be2 86. Kh1 Bf1 87. Kg1 Bb5 88. Kh1 Bd6 89. Kg1 Kg3 90. Kh1 Bc7 91. Kg1
Bb6+ 0-1